000 00453 a2200157 4500
005 20250625131953.0
020 _a-13:978-0-07-293210-2
082 _a651.7 LOC
100 _aLOCKER, K. O.
245 _aBusiness Communication: Building Critical Skills.
250 _a3rd Ed.
260 _aNew York,
_bMc Graw-Hill Irwin,
_c2007.
300 _axxvi, 559p.: ill.; figure, picture
_bGlossary & Index
_c27cm
700 _aKACZMAREK, S. K.
942 _2ddc
_cBKS
999 _c5071
_d5071